Wszystkie Krajowe Domeny Internetowe - Statystyki

Ogólne statystyki
  • Ten quiz został rozwiązany 23 razy
  • Średni wynik to 64 z 248
Statystyki odpowiedzi
Domena Kraj % Poprawnych
af Afganistan
65%
ar Argentyna
65%
au Australia
65%
at Austria
65%
cz Czechy
65%
al Albania
59%
pl Polska
59%
ad Andora
53%
br Brazylia
53%
hr Chorwacja
53%
ee Estonia
53%
fi Finlandia
53%
fr Francja
53%
ie Irlandia
53%
ca Kanada
53%
de Niemcy
53%
ch Szwajcaria
53%
ag Antigua i Barbuda
47%
bt Bhutan
47%
by Białoruś
47%
ba Bośnia i Hercegowina
47%
sz Eswatini
47%
gh Ghana
47%
es Hiszpania
47%
in Indie
47%
id Indonezja
47%
is Islandia
47%
qa Katar
47%
lt Litwa
47%
lv Łotwa
47%
mx Meksyk
47%
mn Mongolia
47%
no Norwegia
47%
za Republika Południowej Afryki
47%
ru Rosja
47%
sk Słowacja
47%
si Słowenia
47%
se Szwecja
47%
ua Ukraina
47%
be Belgia
41%
cl Chile
41%
cn Chiny
41%
dk Dania
41%
cd Demokratyczna Republika Konga
41%
dm Dominika
41%
do Dominikana
41%
eg Egipt
41%
ec Ekwador
41%
ph Filipiny
41%
gr Grecja
41%
gn Gwinea
41%
gq Gwinea Równikowa
41%
nl Holandia
41%
il Izrael
41%
jp Japonia
41%
jo Jordania
41%
cg Kongo
41%
ls Lesotho
41%
li Liechtenstein
41%
lu Luksemburg
41%
nz Nowa Zelandia
41%
py Paragwaj
41%
pt Portugalia
41%
rs Serbia
41%
us USA
41%
uk Wielka Brytania
41%
it Włochy
41%
ae Zjednoczone Emiraty Arabskie
41%
ao Angola
35%
sa Arabia Saudyjska
35%
am Armenia
35%
bs Bahamy
35%
bh Bahrajn
35%
bw Botswana
35%
bn Brunei
35%
me Czarnogóra
35%
ge Gruzja
35%
gw Gwinea Bissau
35%
ye Jemen
35%
kz Kazachstan
35%
kg Kirgistan
35%
co Kolumbia
35%
kp Korea Północna
35%
kr Korea Południowa
35%
mt Malta
35%
ma Maroko
35%
mc Monako
35%
pe Peru
35%
ro Rumunia
35%
ws Samoa
35%
sg Singapur
35%
hu Węgry
35%
dz Algieria
29%
bd Bangladesz
29%
bb Barbados
29%
bz Belize
29%
bo Boliwia
29%
bg Bułgaria
29%
gm Gambia
29%
gy Gujana
29%
ht Haiti
29%
hn Honduras
29%
iq Irak
29%
ir Iran
29%
la Laos
29%
mk Macedonia
29%
my Malezja
29%
ne Niger
29%
ng Nigeria
29%
om Oman
29%
pk Pakistan
29%
rw Rwanda
29%
th Tajlandia
29%
tg Togo
29%
uy Urugwaj
29%
uz Uzbekistan
29%
va Watykan
29%
vn Wietnam
29%
az Azerbejdzan
24%
bj Benin
24%
bf Burkina Faso
24%
bi Burundi
24%
cy Cypr
24%
dj Dżibuti
24%
er Erytrea
24%
et Etiopia
24%
fj Fidżi
24%
ga Gabon
24%
gl Grenlandia
24%
gt Gwatemala
24%
jm Jamajka
24%
ke Kenia
24%
cu Kuba
24%
kw Kuwejt
24%
lb Liban
24%
lr Liberia
24%
ly Libia
24%
mg Madagaskar
24%
mu Mauritius
24%
mm Mjanma
24%
mz Mozambik
24%
nr Nauru
24%
np Nepal
24%
pa Panama
24%
sm San Marino
24%
sn Senegal
24%
sy Syria
24%
to Tonga
24%
tr Turcja
24%
ug Uganda
24%
ci Wybrzeże Kości Słoniowej
24%
zm Zambia
24%
zw Zimbabwe
24%
hk Hongkong
18%
kh Kambodża
18%
km Komory
18%
mw Malawi
18%
ml Mali
18%
md Mołdawia
18%
na Namibia
18%
ni Nikaragua
18%
pw Palau
18%
pg Papua Nowa Gwinea
18%
cf Republika Środkowoafrykańska
18%
kn Saint Kitts i Nevis
18%
lc Saint Lucia
18%
vc Saint Vincent i Grenadyny
18%
sv Salwador
18%
so Somali
18%
lk Sri Lanka
18%
sr Surinam
18%
tj Tadżykistan
18%
tz Tanzania
18%
tl Timor Wschodni
18%
tn Tunezja
18%
eu Unia Europejska
18%
vu Vanuatu
18%
ve Wenezuela
18%
aq Antarktyda
12%
aw Aruba
12%
cw Curacao
12%
td Czad
12%
gi Gibraltar
12%
gd Grenada
12%
gf Gujana Francuska
12%
ki Kiribati
12%
cr Kostaryka
12%
mv Malediwy
12%
mr Mauretania
12%
pr Portoryko
12%
cv Republika Zielonego Przylądka
12%
re Reunion
12%
sl Sierra Leone
12%
ss Sudan Południowy
12%
tt Trynidad i Tobago
12%
tv Tuvalu
12%
im Wyspa Man
12%
mh Wyspy Marshalla
12%
fo Wyspy Owcze
12%
sb Wyspy Salomona
12%
st Wyspy Świętego Tomasza i Książęca
12%
ai Anguilla
6%
bm Bermudy
6%
fk Falklandy
6%
gu Guam
6%
je Jersey
6%
cm Kamerun
6%
mp Mariany Północne
6%
fm Mikronezja
6%
ps Palestyna
6%
pn Pitcairn
6%
as Samoa Amerykańskie
6%
cx Wyspa Bożego Narodzenia
6%
cc Wyspy Kokosowe
6%
io Brytyjskie Terytorium Oceanu Indyjskiego
0%
bq Bonaire
0%
vg Brytyjskie Wyspy Dziewicze
0%
tf Francuskie Terytoria Południowe i Antarktyczne
0%
gs Georgia Południowa
0%
gg Guernsey
0%
gp Gwadelupa
0%
ky Kajmany
0%
yt Majotta
0%
mo Makau
0%
mq Martynika
0%
ms Montserrat
0%
nu Niue
0%
nf Norfolk
0%
nc Nowa Kaledonia
0%
pf Polinezja Francuska
0%
eh Sahara Zachodnia
0%
bl Saint-Barthelemy
0%
mf Saint-Martin
0%
pm Saint-Pierre i Miquelon
0%
sx Sint Maarten
0%
sj Svalbard i Jan Mayen
0%
tk Tokelau
0%
tm Turkmenistam
0%
tc Turks i Caicos
0%
wf Wallis i Fatuna
0%
bv Wyspa Bouveta
0%
sh Wyspa Świętej Heleny, Wyspa Wniebowstąpienia i Tristan da Cunha
0%
ac Wyspa Wniebowstąpienia
0%
ax Wyspy Alandzkie
0%
ck Wyspy Cooka
0%
vi Wyspy Dziewicze Stanów Zjednoczonych
0%
hm Wyspy Heard i McDonalda
0%
su Związek Socjalistycznych Republik Radzieckich
0%
Nie znaleziono quizów pasujących do podanych kryteriów
Rozkład punktacji
Procent ludzi z każdym wynikiem
Percentyl według liczby udzielonych odpowiedzi
Twoja historia wyników
Nie rozwiązałeś tego quizu